000 00439nam a2200169 a 4500
005 20140310183208.0
008 030207s19uu xx 00 eng d
020 _a044021288
050 _aPS 3569.T46
_b.St849 1992
100 _aStewart, Edward
245 _aDeadly rich /
_cEdward Stewart.
260 _aNew York :
_bDell Publishing,
_c1992.
300 _a630 p. :
_c17 cm.
650 _aFiction
942 _cBK
_2lcc
999 _c20064
_d20064